000 00336nam a2200145Ia 4500
005 20251222152722.0
008 251222s9999||||xx |||||||||||||| ||spa||
020 _a9972280799
082 _a378.155/U61
100 _aClara Caselli y otros
245 0 _aUniversidad y Desarrollo
250 _a1ra.ed.
264 _bUCSS
942 _cLIB
999 _c29640
_d29640